000 00671nam a2200241Ia 4500
003 OSt
005 20220926000135.0
006 a|||||r|||| 00| 0
007 ta
008 220923b |||||||| |||| 00| 0 eng d
037 _cGeneral Book
040 _aRTL
_cRTL
_beng
041 _2eng
_aeng
082 _aY15w2. N7, L6/RR
100 _aVerma H N
_942775
245 0 _aIndian women trhough the ages
260 _a New Delhi
_bGreat Indian
_c1976
300 _avii, 203p
_ccm.
650 _aWoman Sociology
700 _a Verma Amrit
_942776
942 _hY15w2. N7, L6/RR
_cGB
_2CC
999 _c598503
_d598503